00499nam a2200085Ia 4500008004100000245002500041300027400066650001600340856005700356170517s9999 xx 000 0 und d 4aThe Way of All Flesh aIn 1951, a woman died in Baltimore, America. She was called Henrietta Lacks. These are cells from her body. They were taken from her just before she died. They have been growing and multiplying ever since. There are now billions of these cells in laboratories around... xTechnology. uhttp://topdocumentaryfilms.com/the-way-of-all-flesh/